[Event "PRO League Group Stage"]
[Site "chess.com INT"]
[Date "2018.02.24"]
[Round "7"]
[White "Tania, Sachdev"]
[Black "Zherebukh, Yaroslav"]
[Result "0-1"]
[WhiteTitle "IM"]
[BlackTitle "GM"]
[WhiteElo "2402"]
[BlackElo "2636"]
[WhiteTeam "Delhi Dynamite"]
[BlackTeam "Saint Louis Arch Bishops"]
[WhiteFideId "5007844"]
[BlackFideId "14116804"]
[EventDate "2018.01.18"]

1. d4 Nf6 2. c4 g6 3. Nc3 d5 4. Bg5 Bg7 5. Bxf6 Bxf6 6. cxd5 c5 7. Nf3 cxd4 8.
Nxd4 Qb6 9. e3 Qxb2 10. Bb5+ Kf8 11. O-O Qxc3 12. Rc1 Qa5 13. Rxc8+ Kg7 14. Rxh8
Kxh8 15. Qg4 Na6 16. Rc1 Nc7 17. Qd7 Nxb5 18. Qxb5 Qd2 19. Rb1 Qxa2 20. Qxb7 Rd8
21. g3 a5 22. Rb5 a4 23. Qa7 a3 24. Ra5 Qb1+ 25. Kg2 Qe4+ 26. Kg1 Rc8 27. Nc6 a2
28. Rxa2 Qxd5 29. Ra6 Qb5 30. h4 Kg7 31. Rb6 Qc5 32. Qb7 Re8 33. Rb5 Qc4 34. Kg2
Qe4+ 35. Kg1 Qg4 36. Rb4 Qd1+ 37. Kg2 Bc3 38. Rb1 Qd5+ 39. Kg1 Bf6 40. Rb5 Qc4
41. Ne5 Qe6 42. Nf3 Rc8 43. Kg2 Rc2 44. Qd5 Qxe3 0-1

[Event "PRO League Group Stage"]
[Site "chess.com INT"]
[Date "2018.02.24"]
[Round "7"]
[White "Tania, Sachdev"]
[Black "Ju, Wenjun"]
[Result "0-1"]
[WhiteTitle "IM"]
[BlackTitle "GM"]
[WhiteElo "2402"]
[BlackElo "2572"]
[WhiteTeam "Delhi Dynamite"]
[BlackTeam "Chengdu Pandas"]
[WhiteFideId "5007844"]
[BlackFideId "8603006"]
[EventDate "2018.01.18"]

1. d4 f5 2. g3 Nf6 3. Bg2 g6 4. Nf3 Bg7 5. O-O O-O 6. c4 d6 7. Nc3 Qe8 8. Nd5
Nxd5 9. cxd5 Nd7 10. Ng5 Nf6 11. Qc2 h6 12. Nh3 g5 13. Qxc7 f4 14. f3 Nxd5 15.
Qc4 Be6 16. Qd3 Qa4 17. Nf2 Qxd4 18. Qxd4 Bxd4 19. Rd1 Bb6 20. Kf1 Rac8 21. Bh3
Bxh3+ 22. Nxh3 e6 23. Nf2 Rc2 24. Nd3 Be3 25. Ne1 Rc5 26. Ng2 Rfc8 27. Bxe3 fxe3
28. Ne1 Kf7 29. Nd3 Rc4 30. Rac1 b5 31. Ke1 Kf6 32. a3 a5 33. Kf1 e5 34. Kg2 Ke6
35. Kf1 Ne7 36. Rb1 Nf5 37. Ne1 Nd4 38. Ng2 Nc2 39. Rd3 Rd4 40. Rc3 Rxc3 41.
bxc3 Rd2 42. Ne1 Nxa3 43. Ra1 Nc4 44. Nd3 a4 45. f4 gxf4 46. gxf4 a3 47. fxe5
dxe5 48. Nc5+ Kd5 49. Nb3 Rb2 50. Nc1 e4 51. Na2 Nd2+ 52. Ke1 Kc4 53. Nc1 Rb1 0-1

[Event "PRO League Group Stage"]
[Site "chess.com INT"]
[Date "2018.02.24"]
[Round "7"]
[White "Stokke, Kjetil"]
[Black "Clarke, Brandon G I"]
[Result "0-1"]
[WhiteTitle "IM"]
[BlackTitle "FM"]
[WhiteElo "2336"]
[BlackElo "2360"]
[WhiteTeam "Oslo Trolls"]
[BlackTeam "Australia Kangaroos"]
[WhiteFideId "1502964"]
[BlackFideId "400319"]
[EventDate "2018.01.18"]

1. g3 g6 2. Bg2 Bg7 3. c4 Nf6 4. Nc3 O-O 5. e4 d6 6. Nge2 c5 7. d3 Nc6 8. O-O a6
9. h3 Rb8 10. a4 Ne8 11. Be3 Nc7 12. d4 cxd4 13. Nxd4 Ne6 14. Nde2 Nc5 15. Rb1
Nb4 16. Nd5 Nxd5 17. cxd5 Bd7 18. b3 b5 19. axb5 Bxb5 20. Bxc5 dxc5 21. Re1 Qa5
22. Qc2 Rfc8 23. Bf1 Qb4 24. Nf4 Bc3 25. Red1 Bd4 26. Bc4 Qa5 27. Ne2 Bg7 28.
Kg2 Qb6 29. f4 Bd7 30. Ng1 a5 31. Nf3 Qa7 32. Ne5 Be8 33. d6 exd6 34. Rxd6 Qe7
35. Rd5 Kh8 36. Rbd1 Rc7 37. Qd3 f6 38. Nf3 Rcc8 39. Rd6 Bc6 40. Re6 Qc7 41. Qd6
Qb7 42. Bd5 Bxd5 43. Rxd5 Qxb3 44. h4 Qa2+ 45. Kh3 Qb1 46. Rd1 Qb3 47. Rd3 Qb1
48. Rd1 Qb3 49. Rd3 Qb5 50. Rd5 Qf1+ 51. Kg4 h5+ 52. Rxh5+ gxh5+ 53. Kxh5 Qxf3+
54. Kg6 Qg4+ 55. Kf7 Qh5+ 56. Ke7 Qe8# 0-1

[Event "PRO League Group Stage"]
[Site "chess.com INT"]
[Date "2018.02.24"]
[Round "7"]
[White "Stokke, Kjetil"]
[Black "Thavandiran, Shiyam"]
[Result "1/2-1/2"]
[WhiteTitle "IM"]
[BlackTitle "IM"]
[WhiteElo "2336"]
[BlackElo "2399"]
[WhiteTeam "Oslo Trolls"]
[BlackTeam "Montreal Chessbrahs"]
[WhiteFideId "1502964"]
[BlackFideId "2605058"]
[EventDate "2018.01.18"]

1. c4 c5 2. g3 Nf6 3. Bg2 e6 4. Nf3 a6 5. O-O Qc7 6. b3 d6 7. Nc3 Be7 8. d4 cxd4
9. Nxd4 Bd7 10. Bb2 Nc6 11. Rc1 Nxd4 12. Qxd4 O-O 13. Rfd1 Rfd8 14. Ba3 Be8 15.
Ne4 Nxe4 16. Bxe4 Rac8 17. Bb4 Bc6 18. Bxc6 Qxc6 19. Qb2 Rd7 20. a4 b6 21. Bc3
Bf8 22. Rd3 Rb8 23. Bb4 Qb7 24. Rcd1 Rbd8 25. Qc2 h6 26. Qd2 Qc6 27. e3 Qf3 28.
Qe1 h5 29. e4 Qg4 30. Qe3 h4 31. Qf4 Qxf4 32. gxf4 g6 33. Kg2 Be7 34. Kf3 Kf8
35. f5 gxf5 36. exf5 d5 37. Bc3 Ke8 38. cxd5 Rxd5 39. Rxd5 Rxd5 40. Rxd5 exd5
41. Kg4 Kd7 42. f3 Kc6 43. f6 Bd6 44. h3 Bg3 45. Bd4 b5 46. Kf5 bxa4 47. bxa4
Kd6 48. f4 Be1 49. Kg5 Ke6 50. f5+ Kd7 51. Kh6 Bg3 52. Kg7 Ke8 53. Kh6 Kd7 54.
Kh7 Ke8 55. Kg8 Bd6 56. Kg7 Bg3 57. Kh7 Kd7 58. Kg8 1/2-1/2

[Event "PRO League Group Stage"]
[Site "chess.com INT"]
[Date "2018.02.24"]
[Round "7"]
[White "Stokke, Kjetil"]
[Black "Nemcova, Katerina"]
[Result "1/2-1/2"]
[WhiteTitle "IM"]
[BlackTitle "WGM"]
[WhiteElo "2336"]
[BlackElo "2315"]
[WhiteTeam "Oslo Trolls"]
[BlackTeam "Webster Windmills"]
[WhiteFideId "1502964"]
[BlackFideId "322750"]
[EventDate "2018.01.18"]

1. d4 d5 2. c4 dxc4 3. Nf3 Nf6 4. e3 e6 5. Bxc4 a6 6. O-O c5 7. dxc5 Bxc5 8.
Qxd8+ Kxd8 9. Be2 Ke7 10. Nbd2 Rd8 11. Nb3 Bd6 12. Bd2 Nc6 13. Rac1 Ne4 14. Be1
Bd7 15. Bd3 Nf6 16. Nc5 Ne5 17. Nxe5 Bxe5 18. b3 Bc6 19. Be2 Rdc8 20. Ba5 Bd6
21. Na4 Nd7 22. Rcd1 b5 23. Nc3 Nc5 24. Bb4 Nb7 25. Bxd6+ Nxd6 26. Rd3 b4 27.
Na4 Bb5 28. Rd2 Ne4 29. Rb2 Bxe2 30. Rxe2 Nc3 31. Nxc3 Rxc3 32. f3 Rd8 33. Kf2
Rdd3 34. Rb1 a5 35. Rbb2 h5 36. h4 g6 37. Rb1 Kf6 38. Rbb2 Ke5 39. Rb1 f5 40.
Rbb2 Kf6 41. Rbd2 Rxd2 42. Rxd2 Rc1 43. Kg3 Rh1 44. Rc2 Rd1 45. Rc5 Rd3 46. Rxa5
Rxe3 47. Kf2 Rc3 48. Ra4 Rc2+ 49. Kg3 g5 50. hxg5+ Kxg5 51. Rxb4 Rxa2 52. Rb8
h4+ 53. Kh3 Ra1 54. Kh2 Rb1 55. b4 e5 56. b5 Kf4 57. b6 h3 58. b7 hxg2 59. Kxg2
Rb2+ 60. Kg1 Kxf3 61. Rf8 Rxb7 62. Rxf5+ Ke4 63. Rh5 Rb2 64. Kf1 Kd4 65. Ke1 e4
66. Rh3 e3 67. Rh8 Ke4 68. Re8+ Kd3 1/2-1/2

[Event "PRO League Group Stage"]
[Site "chess.com INT"]
[Date "2018.02.24"]
[Round "7"]
[White "Stokke, Kjetil"]
[Black "Ravuri, Vinesh"]
[Result "1-0"]
[WhiteTitle "IM"]
[WhiteElo "2336"]
[BlackElo "1990"]
[WhiteTeam "Oslo Trolls"]
[BlackTeam "San Jose Hackers"]
[WhiteFideId "1502964"]
[BlackFideId "45042632"]
[EventDate "2018.01.18"]

1. c4 Nf6 2. Nc3 g6 3. e4 Bg7 4. d4 d6 5. Nf3 O-O 6. Be2 e5 7. O-O Nc6 8. d5 Ne7
9. Ne1 Nd7 10. Be3 f5 11. f3 f4 12. Bf2 g5 13. Rc1 Rf6 14. Nd3 Rh6 15. c5 Qe8
16. Nb5 Qh5 17. h4 Ng6 18. g4 fxg3 19. Bxg3 Nf6 20. f4 g4 21. f5 Nxe4 22. Bxg4
Nxg3 23. Bxh5 Bxf5 24. Rxf5 Nxf5 25. Nxc7 Rf8 26. Ne6 Rf6 27. cxd6 Nxd6 28. Rc7
Bf8 29. Qg4 e4 30. Ne5 e3 31. Nd7 Rf7 32. Ndxf8 Nf5 1-0

[Event "PRO League Group Stage"]
[Site "chess.com INT"]
[Date "2018.02.24"]
[Round "7"]
[White "Quesada Perez, Yuniesky"]
[Black "Klein, David"]
[Result "1-0"]
[WhiteTitle "GM"]
[BlackTitle "GM"]
[WhiteElo "2627"]
[BlackElo "2501"]
[WhiteTeam "Miami Champions"]
[BlackTeam "Amsterdam Mosquitoes"]
[WhiteFideId "3504409"]
[BlackFideId "1003623"]
[EventDate "2018.01.18"]

1. e4 e5 2. Nf3 Nc6 3. Bc4 Bc5 4. d3 d6 5. c3 Nf6 6. O-O a6 7. Re1 Ba7 8. Bb3 h6
9. Nbd2 O-O 10. h3 Re8 11. Nf1 Be6 12. Bc2 d5 13. exd5 Bxd5 14. Ng3 Qd7 15. Bd2
Rad8 16. b4 Qd6 17. a4 Bb6 18. Nh4 Qf8 19. Nhf5 Nb8 20. Qe2 Nbd7 21. Rad1 c5 22.
c4 Be6 23. b5 axb5 24. axb5 Kh8 25. Qf3 Rb8 26. Ne4 Nxe4 27. dxe4 Bxf5 28. exf5
Nf6 29. Bc3 Bc7 30. g4 Rbd8 31. Qxb7 Bd6 32. Qc6 Qe7 33. Ba5 Rd7 34. b6 e4 35.
Bxe4 Nxe4 36. Rxe4 Qxe4 37. Qxd7 Bb8 38. Re1 Qxe1+ 39. Bxe1 Rxe1+ 40. Kg2 Bf4
41. Qxf7 Rb1 42. f6 1-0

[Event "PRO League Group Stage"]
[Site "chess.com INT"]
[Date "2018.02.24"]
[Round "7"]
[White "Quesada Perez, Yuniesky"]
[Black "Grandelius, Nils"]
[Result "0-1"]
[WhiteTitle "GM"]
[BlackTitle "GM"]
[WhiteElo "2627"]
[BlackElo "2647"]
[WhiteTeam "Miami Champions"]
[BlackTeam "Norway Gnomes"]
[WhiteFideId "3504409"]
[BlackFideId "1710400"]
[EventDate "2018.01.18"]

1. e4 c5 2. Nf3 e6 3. d4 cxd4 4. Nxd4 a6 5. Bd3 Nf6 6. O-O d6 7. c4 Be7 8. Nc3
O-O 9. Be3 Nbd7 10. f4 Nc5 11. Bc2 e5 12. Nf5 Bxf5 13. exf5 exf4 14. Rxf4 Re8
15. Kh1 Rc8 16. Bd4 Ncd7 17. b3 d5 18. Nxd5 Nxd5 19. cxd5 Bf6 20. b4 Qc7 21. Rf2
Qc4 22. Bxf6 Nxf6 23. Bb3 Qxb4 24. h3 Ne4 25. Rf3 Qc5 26. Kh2 Qd6+ 27. Kg1 h5
28. Qd4 Ng3 29. Qh4 Qe5 30. Rd1 Nxf5 31. Qxh5 g6 32. Qg5 Nd4 33. Qxe5 Nxf3+ 34.
gxf3 Rxe5 35. d6 Rd8 36. Rd4 Rd7 37. Kf2 Rf5 0-1

[Event "PRO League Group Stage"]
[Site "chess.com INT"]
[Date "2018.02.24"]
[Round "7"]
[White "Quesada Perez, Yuniesky"]
[Black "Tan, Justin2"]
[Result "1-0"]
[WhiteTitle "GM"]
[BlackTitle "IM"]
[WhiteElo "2627"]
[BlackElo "2466"]
[WhiteTeam "Miami Champions"]
[BlackTeam "London Lions"]
[WhiteFideId "3504409"]
[BlackFideId "3206882"]
[EventDate "2018.01.18"]

1. e4 e5 2. Nf3 Nc6 3. Bc4 Bc5 4. d3 Nf6 5. O-O O-O 6. c3 d6 7. h3 h6 8. a4 a5
9. Re1 Be6 10. Nbd2 Ba7 11. Bb5 Ne7 12. d4 Ng6 13. Nf1 c6 14. Bd3 Nh5 15. Be3
Nhf4 16. Bc2 Qf6 17. Ng3 Rad8 18. Nf5 Bb8 19. g3 Nxh3+ 20. Kg2 d5 21. dxe5 Nxe5
22. Nxe5 Bxe5 23. Qh5 dxe4 24. Bxe4 Bxf5 25. Qxf5 Ng5 26. Bxg5 Qxf5 27. Bxf5
Bxc3 28. Bxd8 Bxe1 29. Be7 1-0

[Event "PRO League Group Stage"]
[Site "chess.com INT"]
[Date "2018.02.24"]
[Round "7"]
[White "Quesada Perez, Yuniesky"]
[Black "Kobo, Ori"]
[Result "0-1"]
[WhiteTitle "GM"]
[BlackTitle "GM"]
[WhiteElo "2627"]
[BlackElo "2477"]
[WhiteTeam "Miami Champions"]
[BlackTeam "Oslo Trolls"]
[WhiteFideId "3504409"]
[BlackFideId "2812320"]
[EventDate "2018.01.18"]

1. e4 g6 2. d4 Bg7 3. Nc3 d6 4. Be3 a6 5. Qd2 b5 6. h4 Nf6 7. f3 Nbd7 8. g4 h6
9. Nh3 Nb6 10. g5 hxg5 11. Nxg5 Nh5 12. Rg1 c6 13. Bd3 Nc4 14. Bxc4 bxc4 15. f4
Nf6 16. O-O-O Rb8 17. e5 Nd5 18. Nxd5 cxd5 19. e6 Bxe6 20. Nxe6 fxe6 21. Rxg6
Qb6 22. b3 Bf6 23. f5 exf5 24. Bg5 cxb3 25. axb3 Qb4 26. Bxf6 Qxd2+ 27. Rxd2
exf6 28. Rxf6 Rxh4 29. Rxd6 f4 30. Rxd5 Rb5 31. Re2+ Kf7 32. Ree5 Rxd5 33. Rxd5
Ke6 34. Re5+ Kd6 35. Kd2 Rh2+ 36. Kd3 f3 37. Rf5 f2 38. c3 Ke6 39. Rf4 Rh3+ 40.
Kc4 Rh2 41. b4 Kd6 42. Rf3 Rg2 43. Kb3 Kc6 44. Ka4 Kd5 45. Ka5 Ke4 46. Rf8 Rg5+
47. Kxa6 Rf5 48. Rxf5 Kxf5 49. b5 f1=Q 50. Ka5 Qa1+ 51. Kb6 Qxc3 0-1

[Event "PRO League Group Stage"]
[Site "chess.com INT"]
[Date "2018.02.24"]
[Round "7"]
[White "Stefansson, Hannes"]
[Black "Bykhovsky, Anatoly"]
[Result "0-1"]
[WhiteTitle "GM"]
[BlackTitle "GM"]
[WhiteElo "2523"]
[BlackElo "2496"]
[WhiteTeam "Reykjavik Puffins"]
[BlackTeam "Montclair Sopranos"]
[WhiteFideId "2300087"]
[BlackFideId "2806991"]
[EventDate "2018.01.18"]

1. e4 c5 2. Nf3 e6 3. d4 cxd4 4. Nxd4 a6 5. c4 Nf6 6. Nc3 Qc7 7. a3 b6 8. Be3
Bb7 9. f3 d6 10. Be2 Nbd7 11. O-O Be7 12. Qd2 O-O 13. Rfc1 Rac8 14. b4 Qb8 15.
Nb3 Bd8 16. Rab1 Bc7 17. h3 Rfe8 18. g4 h6 19. Kg2 Ne5 20. Bd4 d5 21. exd5 exd5
22. c5 Nc4 23. Qd3 b5 24. Re1 Bg3 25. Rg1 Nd7 26. Kh1 Nde5 27. Qd1 Ng6 28. Bd3
Nh4 29. Na5 Ba8 30. Ne2 Be5 31. Bf5 Rcd8 32. Rb3 Qc7 33. Bb1 Nxa5 34. bxa5 Qxa5
35. Qd3 Ng6 36. h4 Qc7 37. h5 Nf8 38. g5 Bxd4 39. Nxd4 hxg5 40. Rxg5 Re5 41. Nf5
Ne6 42. Nh6+ Kf8 43. Rxe5 Qxe5 0-1

[Event "PRO League Group Stage"]
[Site "chess.com INT"]
[Date "2018.02.24"]
[Round "7"]
[White "Stefansson, Hannes"]
[Black "Gorovets, Andrey"]
[Result "1-0"]
[WhiteTitle "GM"]
[BlackTitle "GM"]
[WhiteElo "2523"]
[BlackElo "2517"]
[WhiteTeam "Reykjavik Puffins"]
[BlackTeam "Dallas Destiny"]
[WhiteFideId "2300087"]
[BlackFideId "13504037"]
[EventDate "2018.01.18"]

1. e4 d5 2. exd5 Qxd5 3. Nc3 Qa5 4. d4 Nf6 5. Nf3 c6 6. Bc4 Bf5 7. Bd2 e6 8. Nd5
Qd8 9. Nxf6+ gxf6 10. c3 Nd7 11. Nh4 Bg6 12. O-O Qc7 13. Re1 O-O-O 14. g3 Bd6
15. b4 f5 16. Qf3 Rdg8 17. Ng2 e5 18. b5 e4 19. Qe2 c5 20. Kh1 Nb6 21. Bf4 Rd8
22. dxc5 Qxc5 23. Bb3 h5 24. h4 Kb8 25. Rac1 Bxf4 26. Nxf4 Nd7 27. Qe3 Qxe3 28.
Rxe3 Ne5 29. Re2 Nd3 30. Rd1 Nxf4 31. Rxd8+ Rxd8 32. gxf4 Rd3 33. Re3 Rd2 34.
Kg2 Kc7 35. Kf1 Rb2 36. Re2 Rb1+ 37. Re1 Rb2 38. Rd1 f6 39. Rd5 Rb1+ 40. Kg2 Rb2
41. Kg3 Rb1 42. Rc5+ Kd6 43. Rc8 Rg1+ 44. Kh3 Rg4 45. Rg8 Rxf4 46. Rxg6 Ke5 47.
Kg3 Rf3+ 48. Kg2 Rxc3 49. Rh6 f4 50. Rxh5+ f5 51. Rh8 Rc1 52. Re8+ Kf6 53. Re6+
Kg7 54. h5 f3+ 55. Kg3 Rh1 56. Rg6+ Kf8 57. Rg5 Rg1+ 58. Kf4 1-0

[Event "PRO League Group Stage"]
[Site "chess.com INT"]
[Date "2018.02.24"]
[Round "7"]
[White "Stefansson, Hannes"]
[Black "Zherebukh, Yaroslav"]
[Result "0-1"]
[WhiteTitle "GM"]
[BlackTitle "GM"]
[WhiteElo "2523"]
[BlackElo "2636"]
[WhiteTeam "Reykjavik Puffins"]
[BlackTeam "Saint Louis Arch Bishops"]
[WhiteFideId "2300087"]
[BlackFideId "14116804"]
[EventDate "2018.01.18"]

1. e4 c5 2. Nf3 d6 3. d4 cxd4 4. Nxd4 Nf6 5. Nc3 a6 6. f4 e5 7. Nf3 Nbd7 8. a4
Be7 9. Bc4 O-O 10. O-O exf4 11. Bxf4 Nc5 12. Qe2 Be6 13. Kh1 Nfxe4 14. Nxe4 Bxc4
15. Qxc4 d5 16. Qxc5 Bxc5 17. Nxc5 Qc8 18. Be3 Re8 19. Bd4 Re2 20. Nd3 Rxc2 21.
Nb4 Rc4 22. Nxd5 Qd8 23. Bb6 Qxd5 24. Rad1 Qh5 25. Rd7 h6 26. Rxb7 Rxa4 27. h3
Rb4 0-1

[Event "PRO League Group Stage"]
[Site "chess.com INT"]
[Date "2018.02.24"]
[Round "7"]
[White "Stefansson, Hannes"]
[Black "Ju, Wenjun"]
[Result "0-1"]
[WhiteTitle "GM"]
[BlackTitle "GM"]
[WhiteElo "2523"]
[BlackElo "2572"]
[WhiteTeam "Reykjavik Puffins"]
[BlackTeam "Chengdu Pandas"]
[WhiteFideId "2300087"]
[BlackFideId "8603006"]
[EventDate "2018.01.18"]

1. e4 c5 2. Nf3 d6 3. d4 cxd4 4. Nxd4 Nf6 5. Nc3 Nc6 6. Bg5 e6 7. Qd2 Be7 8.
O-O-O a6 9. f4 Bd7 10. Nf3 h6 11. Bxf6 gxf6 12. f5 Qc7 13. fxe6 fxe6 14. Kb1
O-O-O 15. Ne2 Kb8 16. Nf4 Bc8 17. Bc4 d5 18. exd5 Na5 19. Be2 Qb6 20. Qc1 Bc5
21. Rd3 e5 22. Ne6 Bxe6 23. dxe6 Qxe6 24. Rxd8+ Rxd8 25. Qxh6 e4 26. Nd2 e3 27.
Nf3 Nc6 28. Qf4+ Ka7 29. h4 Nd4 30. Nxd4 Rxd4 31. Qf3 Qb6 32. Bd3 Ba3 33. b3 Qc5 0-1

[Event "PRO League Group Stage"]
[Site "chess.com INT"]
[Date "2018.02.24"]
[Round "7"]
[White "Cornette, Matthieu"]
[Black "Perez Ponsa, Federico"]
[Result "0-1"]
[WhiteTitle "GM"]
[BlackTitle "GM"]
[WhiteElo "2611"]
[BlackElo "2553"]
[WhiteTeam "Cannes Blockbusters"]
[BlackTeam "Buenos Aires Krakens"]
[WhiteFideId "620084"]
[BlackFideId "117927"]
[EventDate "2018.01.18"]

1. e4 g6 2. d4 d6 3. Nc3 a6 4. f4 b5 5. Nf3 Bb7 6. Bd3 c5 7. dxc5 dxc5 8. Be3
Nd7 9. e5 Nh6 10. Be4 Bxe4 11. Nxe4 e6 12. Qd2 Qc7 13. O-O-O Be7 14. f5 Nxf5 15.
Bg5 Nxe5 16. Nf6+ Bxf6 17. Bxf6 Nxf3 18. gxf3 O-O 19. h4 h5 20. Rdg1 Kh7 21. Rg5
Rad8 22. Bxd8 Rxd8 23. Qc3 Qf4+ 24. Kb1 Qd4 25. Qe1 Nxh4 26. Rg3 Nf5 27. Rgh3
Qe3 28. Qa5 Rd2 29. Qxa6 Qe2 30. a4 Nd4 31. Qa7 Kg7 32. Qxc5 Nxc2 33. Rxh5 Rd1+
34. Ka2 gxh5 35. Qg5+ Kf8 36. Qc5+ Ke8 37. Qc8+ Ke7 38. Qc5+ Kf6 39. Rxd1 Qxd1
40. axb5 Nd4 41. b6 Qa4+ 42. Kb1 Qa1+ 43. Kxa1 Nb3+ 44. Kb1 Nxc5 45. b4 Nb7 46.
Kc2 0-1

[Event "PRO League Group Stage"]
[Site "chess.com INT"]
[Date "2018.02.24"]
[Round "7"]
[White "Cornette, Matthieu"]
[Black "Nakamura, Hikaru"]
[Result "1/2-1/2"]
[WhiteTitle "GM"]
[BlackTitle "GM"]
[WhiteElo "2611"]
[BlackElo "2781"]
[WhiteTeam "Cannes Blockbusters"]
[BlackTeam "Seattle Sluggers"]
[WhiteFideId "620084"]
[BlackFideId "2016192"]
[EventDate "2018.01.18"]

1. d4 g6 2. e4 Bg7 3. Nc3 d6 4. f4 a6 5. Nf3 b5 6. Bd3 Nd7 7. e5 c5 8. Be4 Rb8
9. O-O cxd4 10. Nxd4 dxe5 11. Nc6 Qb6+ 12. Kh1 Ngf6 13. Nxb8 Qxb8 14. fxe5 Nxe4
15. Nxe4 Qxe5 16. Qe1 Bb7 17. Ng5 h6 18. Nf3 Qc7 19. c3 e5 20. Be3 O-O 21. Qh4
g5 22. Bxg5 Bxf3 23. Rxf3 hxg5 24. Qxg5 Qc6 25. Rd1 e4 26. Rg3 Qf6 27. Qxg7+
Qxg7 28. Rxd7 b4 29. Rxg7+ Kxg7 30. Re7 bxc3 31. bxc3 Rc8 32. Rxe4 Rxc3 33. h4
Ra3 34. Re2 Kg6 35. Kh2 a5 36. g3 f5 37. Rf2 1/2-1/2

[Event "PRO League Group Stage"]
[Site "chess.com INT"]
[Date "2018.02.24"]
[Round "7"]
[White "Cornette, Matthieu"]
[Black "Bortnyk, Olexandr"]
[Result "1-0"]
[WhiteTitle "GM"]
[BlackTitle "GM"]
[WhiteElo "2611"]
[BlackElo "2610"]
[WhiteTeam "Cannes Blockbusters"]
[BlackTeam "Rio Grande Ospreys"]
[WhiteFideId "620084"]
[BlackFideId "14120828"]
[EventDate "2018.01.18"]

1. d4 Nf6 2. Bf4 b6 3. Nc3 Bb7 4. f3 d5 5. e4 dxe4 6. fxe4 Nxe4 7. Bb5+ Nd7 8.
Nxe4 Bxe4 9. Qe2 Bb7 10. Nf3 a6 11. Bc4 e6 12. d5 e5 13. Nxe5 Qe7 14. O-O-O Nxe5
15. Bxe5 O-O-O 16. Bxa6 Qg5+ 17. Kb1 Re8 18. d6 Rxe5 19. Qf3 Bxd6 20. Rxd6 cxd6
21. Qxb7+ Kd8 22. Qc8+ Ke7 23. Qxh8 Qxg2 24. Rc1 h5 25. a4 Qg4 26. Bb5 Qg2 27.
Qe8+ Kf6 28. Qd8+ Kg6 29. Qxd6+ f6 30. Qxb6 Qxh2 31. a5 h4 32. a6 h3 33. a7 Qg2
34. Bc6 1-0

[Event "PRO League Group Stage"]
[Site "chess.com INT"]
[Date "2018.02.24"]
[Round "7"]
[White "Cornette, Matthieu"]
[Black "Liang, Awonder"]
[Result "1/2-1/2"]
[WhiteTitle "GM"]
[BlackTitle "GM"]
[WhiteElo "2611"]
[BlackElo "2572"]
[WhiteTeam "Cannes Blockbusters"]
[BlackTeam "Pittsburgh Pawngrabbers"]
[WhiteFideId "620084"]
[BlackFideId "2056437"]
[EventDate "2018.01.18"]

1. c4 e5 2. Nc3 Nf6 3. Nf3 Nc6 4. e4 Bb4 5. d3 d6 6. a3 Bxc3+ 7. bxc3 Ne7 8. g3
Ng6 9. h4 Bg4 10. Be2 Qd7 11. Rb1 b6 12. Bg5 h5 13. Bxf6 gxf6 14. Nd2 Kf8 15.
Nf1 Bxe2 16. Qxe2 f5 17. Ne3 fxe4 18. dxe4 Ne7 19. Qf3 Kg7 20. g4 Rag8 21. g5
Kf8 22. Nd5 Nxd5 23. cxd5 Ke8 24. Qf6 Qa4 25. Qf5 Qc4 26. Rh3 Rf8 27. Rb4 Qc5
28. c4 a5 29. Ra4 Kd8 30. Rb3 Rhg8 31. Rb5 Qd4 32. Raxa5 bxa5 33. Rb8+ Ke7 34.
Qf6+ Kd7 35. Qf5+ Ke7 36. Qf6+ Kd7 37. Qf5+ Ke7 1/2-1/2

[Event "PRO League Group Stage"]
[Site "chess.com INT"]
[Date "2018.02.24"]
[Round "7"]
[White "Gonzalez, Francisco Silva"]
[Black "Clarke, Brandon G I"]
[Result "0-1"]
[BlackTitle "FM"]
[WhiteElo "2076"]
[BlackElo "2360"]
[WhiteTeam "Norway Gnomes"]
[BlackTeam "Australia Kangaroos"]
[WhiteFideId "1512285"]
[BlackFideId "400319"]
[EventDate "2018.01.18"]

1. d4 Nf6 2. c4 g6 3. Nc3 Bg7 4. e4 d6 5. f3 O-O 6. Be3 c5 7. Nge2 Nc6 8. d5 Ne5
9. Ng3 h5 10. Be2 h4 11. Nf1 e6 12. Nd2 exd5 13. cxd5 h3 14. g3 a6 15. a4 Bd7
16. O-O b5 17. axb5 axb5 18. Rxa8 Qxa8 19. Bxb5 Bxb5 20. Nxb5 Qa6 21. Na3 Rb8
22. Qc1 Qe2 23. Bf2 Nxf3+ 0-1

[Event "PRO League Group Stage"]
[Site "chess.com INT"]
[Date "2018.02.24"]
[Round "7"]
[White "Gonzalez, Francisco Silva"]
[Black "Thavandiran, Shiyam"]
[Result "0-1"]
[BlackTitle "IM"]
[WhiteElo "2076"]
[BlackElo "2399"]
[WhiteTeam "Norway Gnomes"]
[BlackTeam "Montreal Chessbrahs"]
[WhiteFideId "1512285"]
[BlackFideId "2605058"]
[EventDate "2018.01.18"]

1. d4 Nf6 2. c4 c5 3. d5 e6 4. Nc3 exd5 5. cxd5 d6 6. Nf3 g6 7. Bf4 a6 8. a4 Bg7
9. h3 O-O 10. e3 Ne8 11. Be2 Nd7 12. O-O Rb8 13. e4 Ne5 14. Bg3 Nxf3+ 15. Bxf3
b5 16. Qc2 f5 17. exf5 Bxf5 18. Be4 Qd7 19. Bxf5 gxf5 20. Bf4 b4 21. Ne2 Nf6 22.
Ng3 Ne4 23. Nxe4 fxe4 24. Qxe4 Bxb2 25. Bh6 Rf6 26. Rab1 Be5 27. Be3 Re8 28. Qc4
Rg6 29. Kh1 Qxa4 30. f4 Bf6 31. f5 Rg7 32. Bh6 Rf7 33. Rbe1 Be5 34. Qg4+ Kh8 35.
Qh5 Qd7 36. f6 Bxf6 37. Rxe8+ Qxe8 38. Bg5 Qf8 39. Bh6 Qg8 40. Qf5 b3 41. Qe6 b2
42. Rxf6 b1=Q+ 43. Kh2 Qc2 0-1

[Event "PRO League Group Stage"]
[Site "chess.com INT"]
[Date "2018.02.24"]
[Round "7"]
[White "Gonzalez, Francisco Silva"]
[Black "Nemcova, Katerina"]
[Result "1-0"]
[BlackTitle "WGM"]
[WhiteElo "2076"]
[BlackElo "2315"]
[WhiteTeam "Norway Gnomes"]
[BlackTeam "Webster Windmills"]
[WhiteFideId "1512285"]
[BlackFideId "322750"]
[EventDate "2018.01.18"]

1. d4 Nf6 2. c4 e6 3. Nc3 Bb4 4. Qc2 O-O 5. a3 Bxc3+ 6. Qxc3 d6 7. e3 Nbd7 8.
Bd3 b6 9. Ne2 Bb7 10. f3 c5 11. O-O Rc8 12. Qd2 Qe7 13. b3 Rfd8 14. Bb2 d5 15.
Ng3 Nf8 16. Qf2 Ng6 17. h3 cxd4 18. Bxd4 dxc4 19. Bxc4 Nd5 20. f4 f5 21. Rfd1
Nh4 22. Nh5 g6 23. Bxd5 Bxd5 24. Nf6+ Kf7 25. Qxh4 h5 26. Qg5 Bxb3 27. Rdc1 Bc4
28. Be5 b5 29. a4 b4 30. Qh6 Rh8 31. Nh7 Rhg8 32. Rd1 Bd5 33. Rac1 b3 34. Rxc8
Rxc8 35. Qg7+ Ke8 36. Nf6+ 1-0